Territory Flags - Statistics

General Stats
  • This quiz has been taken 69 times
  • The average score is 14 of 20
Answer Stats
Picture Answer % Correct
Greenland
100%
Puerto Rico
93%
Faroe Islands
90%
Isle of Man
90%
Gibraltar
88%
Jersey
85%
Aruba
83%
Guernsey
80%
Bermuda
73%
Curacao
73%
Anguilla
70%
Bonaire
70%
Guadeloupe
68%
Falkland Islands
65%
Cayman Islands
63%
Azores
58%
Canary Islands
55%
Virgin Islands
53%
Lord Howe Island
30%
Isle of Skye
13%
No matching quizzes found
Score Distribution
Percent of People with Each Score
Percentile by Number Answered
Your Score History
You have not taken this quiz